[Event "AUT-chT (Women) 1920"]
[Site "Austria"]
[Date "2020.01.11"]
[Round "5.4"]
[White "Stepanyan, Viktorya"]
[Black "Anker, Christin"]
[Result "0-1"]
[WhiteElo "1308"]
[BlackElo "1830"]
[PlyCount "84"]
[EventDate "2019.10.11"]
[EventType "team-tourn"]
[EventRounds "9"]
[EventCountry "AUT"]
[SourceTitle "CBM 194 Extra"]
[Source "ChessBase"]
[SourceDate "2020.03.31"]
[SourceVersion "1"]
[SourceVersionDate "2020.03.31"]
[SourceQuality "1"]
[WhiteTeam "Dornbirn (W)"]
[BlackTeam "Schach ohne Grenzen (W)"]
[WhiteTeamCountry "AUT"]
[BlackTeamCountry "AUT"]

1. e4 e5 2. Nf3 Nc6 3. d4 exd4 4. Bc4 Nf6 5. e5 d5 6. Bb5 Ne4 7. Nxd4 Bd7 8. Bxc6 bxc6 9. 0-0 Bc5 10. Be3 0-0 11. Nd2 Nxd2 12. Qxd2 Bb6 13. Nb3 f6 14. f4 fxe5 15. fxe5 Qg5 16. Bxb6 Qxd2 17. Nxd2 cxb6 18. Rae1 Rae8 19. Rxf8+ Kxf8 20. Nf3 h6 21. Rd1 Bg4 22. Rf1 Kg8 23. Re1 Bxf3 24. gxf3 g5 25. Kg2 Kf7 26. Kg3 Kg6 27. e6 Kf6 28. Kg4 Rxe6 29. Rxe6+ Kxe6 30. Kh5 Kf5 31. Kxh6 d4 32. Kh5 c5 33. b3 b5 34. h4 gxh4 35. Kxh4 Kf4 36. Kh5 c4 37. Kg6 d3 38. cxd3 cxd3 39. Kf6 d2 40. a4 d1Q 41. axb5 Qd6+ 42. Kg7 Kf5 0-1